000 01485nam0a2200337 4500
001 RU\NLR\BIBL_A\011625546
005 20180428154730.0
010 _a978-5-4464-0115-4
_9150
021 _aRU
_bКН-П-18-001886
_9КН-П-18-0131
035 _a(NLR Aleph) 011625546
035 _a(RuMoRGB)009517152
090 _a11006403
_c11006403
100 _a20180209d2017 k y0rusy50 ca
101 0 _arus
102 _aRU
105 _ay z 000zy
200 1 _aII Рязанские магистерские юридические чтения
_eматериалы Всероссийской научной конференции, 25 декабря 2016 года
_f[под редакцией Вероники Рустамовны Гаиповой]
210 _aРязань
_cКонцепция
_d2017
215 _a92, [1] с.
_d20
320 _aБиблиогр. в подстроч. примеч.
517 1 _aВторые Рязанские магистерские юридические чтения
606 1 _aПраво
_jСъезды, совещания и т.п
_9894779
_3RU\NLR\AUTH\664055
686 1 _aХ.я431
686 1 _aХ62я431
702 1 _aГаипова
_bТ. Ф
_4340
710 1 2 _aРязанские магистерские юридические чтения
_d2
_f2016
_9590948
_3RU\NLR\AUTH\880464177
942 _cBOOK
980 _aNBR
980 _aNB